000 01048nam a2200265 a 4500
001 76511
003 BD-RjUL
005 20211209082843.0
008 191211s2017 bg |||| |||| 00| f ben d
020 _a9789847602400
035 _a(BD-RjUL)76734
040 _aBD-RjUL
_beng
_cBD-RjUL
041 _aeng
082 _223
_a891.443
_bTAJ 2017
100 _aঠাকুর, রবীন্দ্রনাথ
_9162279
245 1 0 _aযোগাযোগ /
_cরবীন্দ্রনাথ ঠাকুর ; ভূমিকা মোহাম্মদ আখতার হোসেন
250 _aপ্রথম শিকড় সংস্করণ/২০১৭
260 _aঢাকা :
_bশিকড়,
_c২০১৭
300 _a১৭৬ পৃ. ;
_c২২ সেমি.
600 _aTagore, Rabindranath
_d1861-1941
_9236484
650 _aবাংলা উপন্যাস
_9162280
650 _aBengali fiction
_9162281
700 _aহোসেন, মোহাম্মদ আখতার
_9236485
942 _2ddc
_cBK
999 _c76511
_d76511